000 01187cam a22003497a 4500
003 CHAP
005 20220329142255.0
008 000425d1998 us r 00010 eng d
010 _a80898
011 _a81870
020 _a0824700414
035 _a92352
040 _cCHAP
082 0 4 _a630.215
_bP4
100 0 0 _aPeart, Robert M.
_eed.
_986433
245 1 0 _aAgricultural systems modeling and simulation
_c/ed. by Robert M. Peart and R. Bruce Curry
260 _aNew York :
_bMarcel Dekker,
_c1998.
300 _a696 p.
_bgráfs.
490 0 _aBooks in soils, plants and the environment
590 _aBATCH-UPD
_b10
_c20130110
_lUCH01
_h0610
590 _aBATCH-UPD
_b10
_c20130410
_lUCH01
_h0252
590 _aBATCH-UPD
_b10
_c20130914
_lUCH01
_h0701
590 _aCONVERSION
_b10
_c20130109
_lUCH01
_h1345
650 1 4 _aAgricultura
_xModelos matematicos.
_91744
650 1 4 _aModelos de simulación.
_976415
700 0 _aCurry, R. Bruce
_eed.
_930558
830 0 _aBooks in soils, plants and the environment
_913775
901 _aBK
905 _aLilia Sánchez G.
942 _cLIBRO
949 _a630.215 P4
_bBC
_cLIBRO
_d33724000778668
_eLIBRO
_gI.203157
_h97874
_i92352
_si
_t$2.501.00
999 _c80898
_d80898